Sex and gender : an intoduction
| Main Author: | |
|---|---|
| Published: |
London:
Mayfield Publishing Company,
2001.
|
| Edition: | 4th ed.. |
| Subjects: |
| LEADER | 00553cam a2200181 7i4500 | ||
|---|---|---|---|
| 001 | 0000015716 | ||
| 005 | 20011027090000.0 | ||
| 020 | # | 0 | |a 0767416147 |
| 090 | 0 | 0 | |a HQ 1075 |b L767 2001 |
| 100 | 1 | # | |a Lips |
| 245 | 1 | 0 | |a Sex and gender : |b an intoduction |c Hilary M. Lips. |
| 250 | # | # | |a 4th ed.. |
| 260 | # | # | |a London: |b Mayfield Publishing Company, |c 2001. |
| 300 | # | # | |a 553p.: |b ill.; |c 24cm. |
| 504 | 0 | 0 | |a Includes bibliography references and index |
| 650 | 0 | 0 | |a Sex differences (Psychology) |
| 650 | 0 | 0 | |a Sex role |
| 999 | |a 1100000848 |b Book |c Open Shelf |e KOLEKSI TERBUKA | ||


